El Canuck's Wrestling Trivia Quiz #1: Brawl in the Family - Statistics

General Stats
  • This quiz has been taken 34 times
  • The average score is 12 of 16
Answer Stats
Question Answer % Correct
2019's Fighting with My Family is a dramedy biopic produced by The Rock about which famous women's wrestler and her wrestling family? Paige
93%
Which of these Samoan wrestlers is NOT a part of the Anoa'i wrestling dynasty? Samoa Joe
93%
Fill in the Blank: Randy Orton is a __ Generation wrestler. Third
93%
At WWE Survivor Series 1993, then-WWE wrestlers Bret and Owen Hart teamed up with their non-WWE wrestler brothers to take on Shawn Michaels and a team of masked "knights". What combination of non-WWE Hart brothers teamed with Bret and Owen? Bruce and Keith
87%
80's undercard wrestler "Leaping" Lanny Poffo (also known as The Genius) was the brother of what 80's WWE main event wrestler? "Macho Man" Randy Savage
87%
Sometimes, bookers and/or promoters will throw together two wrestlers with some physical similarities into a team and bill them as brothers or cousins, despite no family connections. Which team below actually ARE related? Stevie Ray and Booker T
87%
Which fellow CWA (Memphis wrestling territory) alumnus is the cousin of Jerry "The King" Lawler? The Honky Tonk Man
87%
While many wrestlers bore children who followed them into the business, which Canadian wrestler is instead the son of an NHL hockey player? Chris Jericho
80%
What is the relationship between Rey Misterio Sr. and Rey Mysterio Jr.? Uncle and Nephew
80%
Which of these members of the Anderson wrestling family are legitimately related to "The Enforcer" Arn Anderson? Brock Anderson
73%
Jerry Sags of the Nasty Boys and Fred Ottman, (better known as either Tugboat or Typhoon) are the uncles-by-marriage to which current-day (as of 2024) generational wrestler? Cody Rhodes
73%
How many sons of Fritz Von Erich wrestled professionally? Five
73%
Which of these former members of the Nexus IS NOT the son of a wrestler? Skip Sheffield
67%
Though not born a Vachon, how was the late Luna brought into the family? Luna was the adopted daughter of Paul "The Butcher" Vachon.
60%
Select the correct order for the Guerrero brothers, starting from oldest to youngest. Chavo Sr./Mando/Hector/Eddie
53%
Which wrestler was linked to the Hart family tree by way of marrying the younger sister of Bret Hart's first wife? The Dynamite Kid
27%
No matching quizzes found
Score Distribution
Percent of People with Each Score
Percentile by Number Answered
Your Score History
You have not taken this quiz